000
00300nam a22001337a 4500
008
180919b xxu||||| |||| 00| 0 eng d
020
_a
9780071627030
041
_a
eng
080
_2
5 ED
_a
610
100
_a
5
101
_a
ANE
245
_a
Clinical Anesthesiology
_c
John,F,B
942
_2
udc
_c
BK
999
_c
48073
_d
48073